Ngân hàng dữ liệu “Cẩm nang hội nhập” 2006

Nội dung chính của Ngân hàng dữ liệu gồm 5 phần: Hội nhập - Những điều cần biết; Hành trang doanh nghiệp; Pháp luật thương mại VN và tập quán TM quốc tế; Hội nhập và vấn đề sở hữu trí tuệ và Hồ sơ thị trường....

Ausführliche Beschreibung

Gespeichert in:
Bibliographische Detailangaben
Format: Buch
Sprache:Undetermined
Veröffentlicht: Hà Nội VCCI 2006
Schlagworte:
Tags: Tag hinzufügen
Keine Tags, Fügen Sie den ersten Tag hinzu!
Thư viện lưu trữ: Trung tâm Học liệu Trường Đại học Cần Thơ
LEADER 01021nam a2200181Ia 4500
001 CTU_172268
008 210402s9999 xx 000 0 und d
082 |a 380.1 
082 |b Ng121/CD.14 
245 0 |a Ngân hàng dữ liệu “Cẩm nang hội nhập” 2006 
245 0 |c Phòng Thương mại và Công nghiệp Việt Nam (VCCI) 
260 |a Hà Nội 
260 |b VCCI 
260 |c 2006 
520 |a Nội dung chính của Ngân hàng dữ liệu gồm 5 phần: Hội nhập - Những điều cần biết; Hành trang doanh nghiệp; Pháp luật thương mại VN và tập quán TM quốc tế; Hội nhập và vấn đề sở hữu trí tuệ và Hồ sơ thị trường. 
650 |a Economic integration,International economic,Business,Hội nhập kinh tế,Kinh tế quốc tế,Doanh nghiệp 
904 |i Hồng Cẩm, Năm 
980 |a Trung tâm Học liệu Trường Đại học Cần Thơ